[Event "77. Alemania ch 2006"]
[Site "Osterburg GER"]
[Date "2006.02.04"]
[Round "2.10"]
[White "Kunin, Vitaly"]
[Black "Becker, Michael"]
[Result "1-0"]
[WhiteElo "2462"]
[BlackElo "2320"]
[PlyCount "109"]
[EventDate "2006.02.04"]
[EventType "swiss"]
[EventRounds "9"]
[EventCountry "GER"]
[Source "lmi"]
[SourceDate "2006.02.11"]

1. d4 Nf6 2. c4 c5 3. d5 b5 4. cxb5 a6 5. bxa6 g6 6. Nc3 d6 7. e4 Bg7 8. Nf3
O-O 9. Be2 Bxa6 10. O-O Nbd7 11. Re1 Qa5 12. Qc2 Ng4 13. Bd2 Bxe2 14. Rxe2 Nge5
15. Nxe5 Nxe5 16. Nd1 Qa6 17. Bc3 Rfb8 18. Ne3 Rb7 19. Rd2 Nc4 20. Nxc4 Qxc4
21. Bxg7 Qxc2 22. Rxc2 Kxg7 23. f3 Kf6 24. Kf2 Ke5 25. Ke3 f5 26. f4+ Kf6 27.
exf5 Kxf5 28. Kf3 h5 29. g3 Ra4 30. Rd2 Rbb4 31. Re2 Rb7 32. Rd2 Kf6 33. a3
Rb3+ 34. Kf2 Re4 35. a4 Rbb4 36. a5 Ra4 37. Rdd1 Reb4 38. b3 Rxa1 39. Rxa1 Rxb3
40. a6 Rb8 41. Ke3 Kf5 42. Kd3 Rb3+ 43. Kc4 Rb4+ 44. Kc3 Rb8 45. a7 Ra8 46. Kc4
h4 47. Kb5 hxg3 48. hxg3 Ke4 49. Kc6 c4 50. Re1+ Kf3 51. Kb7 Rxa7+ 52. Kxa7
Kxg3 53. Kb6 Kxf4 54. Kb5 c3 55. Kc4 1-0

[Event "77. Alemania ch 2006"]
[Site "Osterburg GER"]
[Date "2006.02.04"]
[Round "2.11"]
[White "Koepke, Christian"]
[Black "Meins, Gerlef"]
[Result "1-0"]
[WhiteElo "2274"]
[BlackElo "2446"]
[PlyCount "119"]
[EventDate "2006.02.04"]
[EventType "swiss"]
[EventRounds "9"]
[EventCountry "GER"]
[Source "lmi"]
[SourceDate "2006.02.11"]

1. e4 c5 2. Nf3 Nc6 3. d4 cxd4 4. Nxd4 Nf6 5. Nc3 d6 6. Bg5 e6 7. Qd2 a6 8.
O-O-O h6 9. Be3 Bd7 10. f3 b5 11. g4 Nxd4 12. Bxd4 b4 13. Ne2 e5 14. Bf2 Be6
15. Kb1 d5 16. exd5 Nxd5 17. Nc1 Qc7 18. Qe1 Be7 19. Bg3 Bf6 20. Bd3 a5 21. Qe4
Rb8 22. Rhe1 a4 23. Bxe5 Bxe5 24. Qxe5 O-O 25. Qxc7 Nxc7 26. Be4 a3 27. Rd4
axb2 28. Kxb2 Rb6 29. Red1 f5 30. gxf5 Bxf5 31. Nd3 Bxe4 32. fxe4 Rfb8 33. Nc5
Nb5 34. Rd7 Nc3 35. Rg1 g6 36. Rf1 Re8 37. Nd3 Nxe4 38. Rff7 Nf6 39. Rg7+ Kh8
40. Rdf7 Rg8 41. Rb7 Rxg7 42. Rxb6 Nd5 43. Rb8+ Kh7 44. Nxb4 Ne3 45. a4 g5 46.
Kb3 Ng4 47. a5 Nxh2 48. a6 g4 49. Nd5 g3 50. Nf4 Nf3 51. Rb7 Nd4+ 52. Kc4 Nc6
53. Rxg7+ Kxg7 54. Kc5 Na7 55. Kb6 Nc8+ 56. Kc7 Na7 57. c4 Kf7 58. Kb7 h5 59.
Kxa7 h4 60. Nh3 1-0

[Event "77. Alemania ch 2006"]
[Site "Osterburg GER"]
[Date "2006.02.04"]
[Round "2.14"]
[White "Huschenbeth, Niclas"]
[Black "Bastian, Herbert"]
[Result "1/2-1/2"]
[WhiteElo "2287"]
[BlackElo "2413"]
[PlyCount "121"]
[EventDate "2006.02.04"]
[EventType "swiss"]
[EventRounds "9"]
[EventCountry "GER"]
[Source "lmi"]
[SourceDate "2006.02.11"]

1. e4 c5 2. Nf3 e6 3. d4 cxd4 4. Nxd4 a6 5. Bd3 Nc6 6. Be3 Nf6 7. O-O e5 8. Nf5
d5 9. exd5 Nxd5 10. Qf3 Nxe3 11. fxe3 Be6 12. Be4 Qc7 13. Nc3 O-O-O 14. Rad1
Rxd1 15. Rxd1 g6 16. Ng3 f5 17. Bd5 Bd7 18. Bb3 Bc5 19. Nd5 e4 20. Qf2 Qe5 21.
c3 Rd8 22. Ne2 Na5 23. c4 Bc6 24. Nec3 g5 25. g3 Rf8 26. Kh1 Be8 27. Bc2 Nxc4
28. b4 Bxe3 29. Qf1 b5 30. Bxe4 Bd4 31. Bg2 Kb8 32. Re1 Qd6 33. a4 Bc6 34. axb5
axb5 35. Rd1 Qe5 36. Re1 Qd6 37. Rd1 Qe5 38. Re1 Qd6 39. Rd1 Be5 40. Na4 f4 41.
gxf4 Bxf4 42. Nc5 Bxh2 43. Qd3 Be5 44. Qxh7 Bxd5 45. Rxd5 Rf1+ 46. Bxf1 Qxd5+
47. Qe4 Qxe4+ 48. Nxe4 g4 49. Be2 g3 50. Kg2 Ne3+ 51. Kg1 Nc4 52. Kg2 Kc7 53.
Nxg3 Bd6 54. Ne4 Bxb4 55. Bxc4 bxc4 56. Kf2 Kc6 57. Ke2 Kd5 58. Nf2 Kd4 59. Kd1
Ke3 60. Ng4+ Kf4 61. Nf6 1/2-1/2

[Event "77. Alemania ch 2006"]
[Site "Osterburg GER"]
[Date "2006.02.04"]
[Round "2.15"]
[White "Bischoff, Dieter"]
[Black "Espig, Lutz"]
[Result "1/2-1/2"]
[WhiteElo "2147"]
[BlackElo "2402"]
[PlyCount "21"]
[EventDate "2006.02.04"]
[EventType "swiss"]
[EventRounds "9"]
[EventCountry "GER"]
[Source "lmi"]
[SourceDate "2006.02.11"]

1. d4 f5 2. Bg5 c6 3. e3 Qb6 4. Nd2 d5 5. c4 e6 6. Qc2 Be7 7. Bxe7 Nxe7 8. Ngf3
Nd7 9. Bd3 O-O 10. O-O Qc7 11. b4 1/2-1/2

[Event "77. Alemania ch 2006"]
[Site "Osterburg GER"]
[Date "2006.02.04"]
[Round "2.16"]
[White "Degtiarev, Jewgeni"]
[Black "Knuth, Hannes"]
[Result "1-0"]
[WhiteElo "2388"]
[BlackElo "2283"]
[PlyCount "89"]
[EventDate "2006.02.04"]
[EventType "swiss"]
[EventRounds "9"]
[EventCountry "GER"]
[Source "lmi"]
[SourceDate "2006.02.11"]

1. d4 Nf6 2. c4 e6 3. Nc3 Bb4 4. e3 c5 5. Nge2 b6 6. a3 Ba5 7. Rb1 Qe7 8. Ng3
Bxc3+ 9. bxc3 d6 10. e4 e5 11. Bd3 Nc6 12. d5 Na5 13. O-O h5 14. Bg5 Bg4 15. f3
Bd7 16. f4 exf4 17. Nf5 Bxf5 18. exf5 O-O-O 19. Re1 Qd7 20. Qf3 Rde8 21. Bxf4
Kc7 22. Qg3 Rxe1+ 23. Rxe1 Rg8 24. h3 Nb7 25. Re2 Na5 26. Bg5 Re8 27. Qf3 Rxe2
28. Qxe2 Qe8 29. Qxe8 Nxe8 30. Kf2 Nf6 31. Bxf6 gxf6 32. Kg3 Kd7 33. Kh4 Ke7
34. Kxh5 Nb3 35. Kg4 Nc1 36. Bc2 Na2 37. Kf3 b5 38. cxb5 Nxc3 39. a4 Nxd5 40.
a5 Nb4 41. Ba4 d5 42. h4 Nd3 43. b6 Ne5+ 44. Ke2 axb6 45. axb6 1-0

[Event "77. Alemania ch 2006"]
[Site "Osterburg GER"]
[Date "2006.02.04"]
[Round "2.17"]
[White "Schuster, Martin"]
[Black "Stolz, Mike"]
[Result "0-1"]
[WhiteElo "2222"]
[BlackElo "2385"]
[PlyCount "118"]
[EventDate "2006.02.04"]
[EventType "swiss"]
[EventRounds "9"]
[EventCountry "GER"]
[Source "lmi"]
[SourceDate "2006.02.11"]

1. e4 c5 2. c3 d6 3. d4 Qc7 4. h3 Nf6 5. Bd3 g6 6. Nf3 Nbd7 7. O-O Bg7 8. Re1
e5 9. dxe5 dxe5 10. Nbd2 O-O 11. Qc2 b6 12. a4 Bb7 13. Bc4 Ne8 14. Nf1 Nd6 15.
Bd5 Bxd5 16. exd5 c4 17. b4 cxb3 18. Qxb3 e4 19. Nd4 Nc5 20. Qc2 Nd3 21. Re2
Bxd4 22. cxd4 Qxc2 23. Rxc2 Nb4 24. Re2 Nxd5 25. Ba3 Rfd8 26. Bxd6 Rxd6 27.
Rxe4 Rc8 28. Ne3 Nc3 29. Re7 a5 30. d5 Nxd5 31. Nxd5 Rxd5 32. Ra3 Rf5 33. Ra2
Rc4 34. g3 Rb4 35. Rb7 h5 36. h4 Rf6 37. Kg2 Kf8 38. Kg1 Rc6 39. Kg2 Rc3 40.
Rd2 Rc6 41. Ra2 Re6 42. Kg1 Re7 43. Rb8+ Kg7 44. Kg2 Kf6 45. Kg1 Rb3 46. Rc2
Re6 47. Rb7 Rb4 48. Ra2 Rd6 49. Kg2 Ke6 50. Re2+ Kd5 51. Rxf7 Rxa4 52. f4 Re4
53. Rb2 Rb4 54. Re2 a4 55. Kh3 Re4 56. Rb2 a3 57. Rd2+ Ke6 58. Rxd6+ Kxd6 59.
f5 Ra4 0-1

[Event "77. Alemania ch 2006"]
[Site "Osterburg GER"]
[Date "2006.02.04"]
[Round "2.18"]
[White "Brener, Ilja"]
[Black "Muranyi, Karl-Jasmin"]
[Result "1/2-1/2"]
[WhiteElo "2323"]
[BlackElo "2359"]
[PlyCount "66"]
[EventDate "2006.02.04"]
[EventType "swiss"]
[EventRounds "9"]
[EventCountry "GER"]
[Source "lmi"]
[SourceDate "2006.02.11"]

1. e4 e5 2. Nf3 Nc6 3. Bb5 Nge7 4. O-O Ng6 5. c3 d6 6. d4 Bd7 7. d5 Nb8 8.
Bxd7+ Nxd7 9. c4 Be7 10. Nc3 h6 11. Ne2 Bg5 12. b4 a5 13. Ba3 b6 14. bxa5 Rxa5
15. Bb4 Ra6 16. a4 Qa8 17. Ne1 O-O 18. Nd3 Nf4 19. Nexf4 exf4 20. e5 Nc5 21.
Bxc5 bxc5 22. Re1 c6 23. exd6 cxd5 24. Nxc5 Rxd6 25. Ne4 Rdd8 26. Nxg5 dxc4 27.
Qc2 hxg5 28. Qxc4 Rd5 29. Re7 Qd8 30. Rae1 Rd4 31. Qb5 g4 32. g3 g6 33. a5 Rd5
1/2-1/2

[Event "77. Alemania ch 2006"]
[Site "Osterburg GER"]
[Date "2006.02.04"]
[Round "2.19"]
[White "Reuss, Andreas"]
[Black "Hoepfl, Thomas"]
[Result "0-1"]
[WhiteElo "2354"]
[BlackElo "2313"]
[PlyCount "78"]
[EventDate "2006.02.04"]
[EventType "swiss"]
[EventRounds "9"]
[EventCountry "GER"]
[Source "lmi"]
[SourceDate "2006.02.11"]

1. d4 Nf6 2. c4 e6 3. Nf3 Bb4+ 4. Nbd2 b6 5. e3 Bb7 6. Bd3 O-O 7. O-O d5 8. b3
Nbd7 9. Bb2 c5 10. a3 Bxd2 11. Nxd2 cxd4 12. exd4 dxc4 13. Nxc4 Qc7 14. Rc1 Qc6
15. f3 Qd5 16. Ne5 Rac8 17. Bc4 Qd6 18. b4 a6 19. Qe2 b5 20. Ba2 Bd5 21. Bb1
Nb6 22. Rc5 Nc4 23. Rc1 Rcd8 24. R1xc4 bxc4 25. Qc2 g6 26. Qd2 Nd7 27. Qh6 Nxe5
28. dxe5 Qe7 29. h4 Bxf3 30. Bc1 Rd1+ 31. Kf2 Rxc1 32. Qxc1 Bd5 33. Qg5 f6 34.
exf6 Rxf6+ 35. Kg1 Qf8 36. Rc7 Rf1+ 37. Kh2 Rf2 38. Qe3 Rxg2+ 39. Kh3 Rf2 0-1

[Event "77. Alemania ch 2006"]
[Site "Osterburg GER"]
[Date "2006.02.04"]
[Round "2.20"]
[White "Rother, Christoph"]
[Black "Schunk, Eduard"]
[Result "1/2-1/2"]
[WhiteElo "2293"]
[BlackElo "2349"]
[PlyCount "136"]
[EventDate "2006.02.04"]
[EventType "swiss"]
[EventRounds "9"]
[EventCountry "GER"]
[Source "lmi"]
[SourceDate "2006.02.11"]

1. e4 e5 2. Nf3 Nc6 3. Bb5 g6 4. d4 exd4 5. Nxd4 Bg7 6. Be3 Nf6 7. f3 O-O 8.
Nc3 Ne7 9. Qd2 d5 10. exd5 Nexd5 11. Nxd5 Nxd5 12. Bg5 f6 13. Bh4 Qe7+ 14. Kf1
Ne3+ 15. Kg1 Nf5 16. Bf2 Nxd4 17. Bxd4 Rd8 18. Qc3 f5 19. Bc4+ Kh8 20. Bxg7+
Qxg7 21. Qxg7+ Kxg7 22. Bd3 Bd7 23. Re1 Kf6 24. Kf2 c5 25. Re3 Re8 26. Rhe1
Rxe3 27. Rxe3 Be6 28. b3 a5 29. Bb5 Rd8 30. Ke2 Rd4 31. c3 Rd6 32. Rd3 Rxd3 33.
Kxd3 Ke5 34. Bc4 Bd7 35. a4 g5 36. Ke3 h6 37. g3 f4+ 38. gxf4+ gxf4+ 39. Ke2
Bf5 40. Bg8 Bd7 41. Bc4 Bc6 42. Kf2 Kf6 43. Ke2 Kg5 44. Kf2 Kh4 45. Kg2 Bd7 46.
Bd3 Bh3+ 47. Kf2 Be6 48. Bc4 Bf5 49. Kg2 Bc2 50. Bd5 Bd1 51. Bc4 Kg5 52. Kf2
Kf5 53. Bd3+ Kg5 54. Bc4 Kf6 55. Bd5 Ke5 56. Bc4 Kd6 57. Bg8 Kc7 58. Bc4 b6 59.
Kg2 Kd6 60. Kf2 Bc2 61. Ke2 Bf5 62. Kd2 Bc8 63. Ke2 Bb7 64. Kf2 Bc6 65. Ke2 Ke5
66. Bd3 Bd5 67. Bc4 Bb7 68. Bd3 Bd5 1/2-1/2

[Event "77. Alemania ch 2006"]
[Site "Osterburg GER"]
[Date "2006.02.04"]
[Round "2.21"]
[White "Kaeser, Udo"]
[Black "Gikas, Andreas Basilius"]
[Result "1/2-1/2"]
[WhiteElo "2343"]
[BlackElo "2231"]
[PlyCount "109"]
[EventDate "2006.02.04"]
[EventType "swiss"]
[EventRounds "9"]
[EventCountry "GER"]
[Source "lmi"]
[SourceDate "2006.02.11"]

1. e4 c5 2. Nf3 e6 3. c3 d5 4. exd5 Qxd5 5. d4 Nc6 6. Be3 cxd4 7. cxd4 Nf6 8.
Nc3 Qd6 9. Bd3 Be7 10. a3 O-O 11. Qc2 Bd7 12. O-O Rac8 13. Rad1 Rfd8 14. Rfe1
h6 15. Ne5 Be8 16. Qd2 Bf8 17. Nb5 Qb8 18. Nxc6 bxc6 19. Nc3 Ng4 20. Bf4 Bd6
21. Bxd6 Qxd6 22. g3 c5 23. d5 Ne5 24. Qe3 Nxd3 25. Rxd3 Qb6 26. Red1 Rd6 27.
R3d2 Rcd8 28. Qf4 R6d7 29. h4 f6 30. d6 e5 31. Qc4+ Bf7 32. Qe4 Rxd6 33. Rxd6
Rxd6 34. Rxd6 Qxd6 35. Qa8+ Kh7 36. Qxa7 Bg6 37. Qa4 Qd2 38. Qb5 Bd3 39. Qxc5
Qxb2 40. Qb4 Qc1+ 41. Kg2 Qf1+ 42. Kf3 f5 43. Qc5 e4+ 44. Kf4 Qc1+ 45. Ke5 Qe1
46. Nd5 e3 47. Qxe3 Qa1+ 48. Ke6 Qxa3 49. Kf7 Qb3 50. Qe6 Qb7+ 51. Ne7 f4 52.
gxf4 Bc2 53. Qc6 Bb3+ 54. Kf8 Qb8+ 55. Qc8 1/2-1/2

[Event "77. Alemania ch 2006"]
[Site "Osterburg GER"]
[Date "2006.02.04"]
[Round "2.22"]
[White "Namyslo, Holger"]
[Black "Schoene, Ralf"]
[Result "1/2-1/2"]
[WhiteElo "2279"]
[BlackElo "2339"]
[PlyCount "42"]
[EventDate "2006.02.04"]
[EventType "swiss"]
[EventRounds "9"]
[EventCountry "GER"]
[Source "lmi"]
[SourceDate "2006.02.11"]

1. e4 c6 2. d4 d5 3. exd5 cxd5 4. c4 Nf6 5. Nc3 e6 6. Nf3 Nc6 7. c5 Be7 8. Bb5
O-O 9. O-O Ne4 10. Re1 Ng5 11. Ne5 Nxe5 12. Rxe5 h6 13. Qd3 Bd7 14. Bxd7 Qxd7
15. h4 Nh7 16. Qg3 Kh8 17. Re1 b6 18. cxb6 axb6 19. Bf4 Bf6 20. Be5 Rac8 21. a4
Bxe5 1/2-1/2

[Event "77. Alemania ch 2006"]
[Site "Osterburg GER"]
[Date "2006.02.05"]
[Round "3.1"]
[White "Khenkin, Igor"]
[Black "Kritz, Leonid"]
[Result "1/2-1/2"]
[WhiteElo "2595"]
[BlackElo "2561"]
[PlyCount "27"]
[EventDate "2006.02.04"]
[EventType "swiss"]
[EventRounds "9"]
[EventCountry "GER"]
[Source "lmi"]
[SourceDate "2006.02.11"]

1. d4 e6 2. c4 Nf6 3. Nf3 d5 4. Nc3 Bb4 5. cxd5 exd5 6. Bg5 h6 7. Bh4 g5 8. Bg3
Ne4 9. Nd2 Nxg3 10. hxg3 c6 11. e3 Kf8 12. Bd3 Kg7 13. Qc2 Nd7 14. a3 1/2-1/2

[Event "77. Alemania ch 2006"]
[Site "Osterburg GER"]
[Date "2006.02.05"]
[Round "3.1"]
[White "Prusikin, Michael"]
[Black "Meier, Georg"]
[Result "1/2-1/2"]
[WhiteElo "2563"]
[BlackElo "2424"]
[PlyCount "29"]
[EventDate "2006.02.04"]
[EventType "swiss"]
[EventRounds "9"]
[EventCountry "GER"]
[Source "lmi"]
[SourceDate "2006.02.11"]

1. Nf3 Nf6 2. c4 e6 3. Nc3 b6 4. e4 Bb7 5. Qe2 e5 6. Nxe5 Qe7 7. d4 d6 8. Nd3
Nxe4 9. Nxe4 Qxe4 10. Be3 Nc6 11. f3 Qf5 12. d5 Ne5 13. Nxe5 dxe5 14. O-O-O
O-O-O 15. Qc2 1/2-1/2

[Event "77. Alemania ch 2006"]
[Site "Osterburg GER"]
[Date "2006.02.05"]
[Round "3.2"]
[White "Tischbierek, Raj"]
[Black "Gustafsson, Jan"]
[Result "1/2-1/2"]
[WhiteElo "2466"]
[BlackElo "2614"]
[PlyCount "78"]
[EventDate "2006.02.04"]
[EventType "swiss"]
[EventRounds "9"]
[EventCountry "GER"]
[Source "lmi"]
[SourceDate "2006.02.11"]

1. e4 e5 2. Bc4 Nf6 3. d3 Bc5 4. Nf3 Nc6 5. Nc3 d6 6. Bg5 h6 7. Bxf6 Qxf6 8.
Nd5 Qd8 9. c3 Ne7 10. d4 exd4 11. cxd4 Bb6 12. Nxb6 axb6 13. O-O O-O 14. h3 d5
15. exd5 Nxd5 16. Ne5 Be6 17. Qf3 c6 18. Rad1 Re8 19. Rfe1 Nf6 20. Bxe6 Rxe6
21. a3 Qd5 22. Qxd5 Nxd5 23. Kf1 Rd8 24. Nc4 Rxe1+ 25. Kxe1 b5 26. Ne3 f6 27.
Nxd5 Rxd5 28. Ke2 Kf7 29. Kd3 g5 30. g4 Rd8 31. Rc1 Re8 32. Rf1 Rd8 33. Rc1 Re8
34. Rf1 Ra8 35. f4 Rd8 36. Ke4 Re8+ 37. Kd3 Rd8 38. Ke4 Re8+ 39. Kd3 Re1
1/2-1/2

[Event "77. Alemania ch 2006"]
[Site "Osterburg GER"]
[Date "2006.02.05"]
[Round "3.3"]
[White "Jussupow, Artur"]
[Black "Kunin, Vitaly"]
[Result "0-1"]
[WhiteElo "2605"]
[BlackElo "2462"]
[PlyCount "150"]
[EventDate "2006.02.04"]
[EventType "swiss"]
[EventRounds "9"]
[EventCountry "GER"]
[Source "lmi"]
[SourceDate "2006.02.11"]

1. d4 d5 2. Nf3 Nf6 3. c4 dxc4 4. e3 Bg4 5. Bxc4 e6 6. h3 Bh5 7. Nc3 a6 8. g4
Bg6 9. Ne5 Nbd7 10. Nxg6 hxg6 11. Bf1 c6 12. Bg2 Bd6 13. O-O Qe7 14. g5 Nd5 15.
Qg4 Bc7 16. f4 Bb6 17. Bd2 O-O-O 18. Rac1 Kb8 19. a3 f6 20. h4 Rh7 21. Rf3 c5
22. Nxd5 exd5 23. f5 Rdh8 24. Rh3 fxg5 25. fxg6 Rxh4 26. Rxh4 Rxh4 27. Qf5 cxd4
28. e4 Qd6 29. e5 Qxe5 30. Qxe5+ Nxe5 31. Bxd5 Rg4+ 32. Kh1 Nxg6 33. Re1 Bc7
34. Re8+ Ka7 35. Be1 Rf4 36. Bg3 Rf1+ 37. Kg2 Rc1 38. Be4 Nf4+ 39. Bxf4 gxf4
40. Rg8 Re1 41. Rxg7 Rxe4 42. Rxc7 Re2+ 43. Kf3 Rxb2 44. Kxf4 Ra2 45. Ke4 Rxa3
46. Kxd4 Rh3 47. Kc4 Rh4+ 48. Kc5 Rh5+ 49. Kb4 a5+ 50. Ka4 Ka6 51. Rg7 b5+ 52.
Ka3 Rh3+ 53. Ka2 a4 54. Rg4 Ka5 55. Rf4 Rh2+ 56. Ka1 Re2 57. Rf3 b4 58. Rf5+
Kb6 59. Rf6+ Kc5 60. Rf5+ Kc4 61. Kb1 a3 62. Rf4+ Kc3 63. Rf3+ Kd4 64. Rh3 Re3
65. Rh8 b3 66. Rd8+ Kc5 67. Rc8+ Kd6 68. Rd8+ Kc7 69. Rd1 Re2 70. Ka1 Kc6 71.
Kb1 Kc5 72. Ka1 Kc4 73. Kb1 Kc3 74. Ka1 Kc2 75. Rh1 Kd2 0-1

[Event "77. Alemania ch 2006"]
[Site "Osterburg GER"]
[Date "2006.02.05"]
[Round "3.4"]
[White "Heinemann, Thies"]
[Black "Luther, Thomas"]
[Result "1/2-1/2"]
[WhiteElo "2443"]
[BlackElo "2569"]
[PlyCount "45"]
[EventDate "2006.02.04"]
[EventType "swiss"]
[EventRounds "9"]
[EventCountry "GER"]
[Source "lmi"]
[SourceDate "2006.02.11"]

1. e4 e6 2. d4 d5 3. Nd2 c5 4. exd5 Qxd5 5. Ngf3 cxd4 6. Bc4 Qd6 7. O-O Nf6 8.
Nb3 Nc6 9. Nbxd4 Nxd4 10. Qxd4 Bd7 11. Bf4 Qxd4 12. Nxd4 Rc8 13. Bb3 Bc5 14.
Rad1 O-O 15. Rfe1 Rfd8 16. c3 b5 17. Nc2 Bc6 18. Be3 Bxe3 19. Nxe3 Kf8 20. f3
Nd7 21. Bc2 Nb6 22. Rxd8+ Rxd8 23. Rd1 1/2-1/2

[Event "77. Alemania ch 2006"]
[Site "Osterburg GER"]
[Date "2006.02.05"]
[Round "3.6"]
[White "Baramidze, David"]
[Black "Degtiarev, Jewgeni"]
[Result "1/2-1/2"]
[WhiteElo "2554"]
[BlackElo "2388"]
[PlyCount "52"]
[EventDate "2006.02.04"]
[EventType "swiss"]
[EventRounds "9"]
[EventCountry "GER"]
[Source "lmi"]
[SourceDate "2006.02.11"]

1. e4 e5 2. Nf3 Nc6 3. Bb5 Nf6 4. O-O Nxe4 5. d4 Nd6 6. Bxc6 dxc6 7. dxe5 Nf5
8. Qxd8+ Kxd8 9. Nc3 Ne7 10. h3 Ng6 11. Ne4 h6 12. Re1 Bd7 13. b3 c5 14. Bb2
Be6 15. Rad1+ Kc8 16. c4 b6 17. Nc3 Kb7 18. Rd2 a5 19. a4 Be7 20. Nd5 Bg5 21.
Nxg5 hxg5 22. f3 Nf4 23. Red1 Bf5 24. Ne3 Bg6 25. Kf2 Ne6 26. Rd5 Rad8 1/2-1/2

[Event "77. Alemania ch 2006"]
[Site "Osterburg GER"]
[Date "2006.02.05"]
[Round "3.8"]
[White "Stolz, Mike"]
[Black "Meister, Jakov"]
[Result "1/2-1/2"]
[WhiteElo "2385"]
[BlackElo "2493"]
[PlyCount "141"]
[EventDate "2006.02.04"]
[EventType "swiss"]
[EventRounds "9"]
[EventCountry "GER"]
[Source "lmi"]
[SourceDate "2006.02.11"]

1. e4 c6 2. c4 d5 3. exd5 cxd5 4. cxd5 Nf6 5. Nc3 Nxd5 6. d4 Nxc3 7. bxc3 g6 8.
Nf3 Qc7 9. Bd2 Bg7 10. Be2 O-O 11. O-O Be6 12. Re1 Bd5 13. Qc1 Rc8 14. Qa3 Nc6
15. Rab1 e6 16. Rec1 Qa5 17. Qd6 Bxf3 18. Bxf3 Rd8 19. Qf4 e5 20. Qg5 h6 21.
Qh4 Nxd4 22. cxd4 Qxd2 23. dxe5 Qxa2 24. Rxb7 Rab8 25. e6 Qxe6 26. Rxa7 Rd2 27.
Qe7 Qf5 28. Qe4 Qxe4 29. Bxe4 Bd4 30. Ra8 Rxa8 31. Bxa8 Rxf2 32. Kh1 h5 33. Rd1
h4 34. Bd5 Kg7 35. Bc4 Rc2 36. Bb3 Rc3 37. Rxd4 Rxb3 38. h3 g5 39. Kh2 Kg6 40.
Ra4 Re3 41. Rb4 Rc3 42. Ra4 Rc1 43. Rb4 Re1 44. Ra4 f5 45. Ra6+ Kf7 46. Rb6 Re6
47. Rb8 Kf6 48. Rg8 Rd6 49. Kh1 Rd4 50. Kh2 Rd1 51. Re8 Rd2 52. Rg8 Rd5 53. Kh1
f4 54. Kh2 Kf5 55. Re8 Re5 56. Ra8 Ke4 57. Ra4+ Ke3 58. Kg1 Rd5 59. Ra3+ Rd3
60. Ra5 g4 61. hxg4 h3 62. g5 hxg2 63. Kxg2 Rd2+ 64. Kh3 f3 65. Ra3+ Rd3 66.
Ra8 Ke2 67. Re8+ Re3 68. Rf8 Re5 69. Kg4 f2 70. g6 Re4+ 71. Kg5 1/2-1/2

[Event "77. Alemania ch 2006"]
[Site "Osterburg GER"]
[Date "2006.02.05"]
[Round "3.10"]
[White "Michalczak, Thomas"]
[Black "Graf, Alexander"]
[Result "1/2-1/2"]
[WhiteElo "2361"]
[BlackElo "2604"]
[PlyCount "73"]
[EventDate "2006.02.04"]
[EventType "swiss"]
[EventRounds "9"]
[EventCountry "GER"]
[Source "lmi"]
[SourceDate "2006.02.11"]

1. e4 e5 2. Nf3 Nc6 3. Bb5 a6 4. Ba4 Nf6 5. O-O Be7 6. Re1 b5 7. Bb3 O-O 8. c3
d6 9. h3 Nb8 10. d4 Nbd7 11. Nbd2 Bb7 12. Bc2 Re8 13. Nf1 Bf8 14. Ng3 g6 15. b3
c6 16. Bb2 Qb6 17. Qd2 Rad8 18. Rad1 Bg7 19. Bd3 d5 20. dxe5 Nxe5 21. Nxe5 Rxe5
22. c4 Ree8 23. e5 Nd7 24. e6 Rxe6 25. Rxe6 fxe6 26. Bxg7 Kxg7 27. Nh5+ gxh5
28. Qg5+ Kh8 29. Qe7 Nf8 30. c5 Qa5 31. b4 Qa4 32. Rb1 Rb8 33. Qc7 Re8 34. Qf7
Rb8 35. Qc7 Re8 36. Qf7 Rb8 37. Qc7 1/2-1/2

[Event "77. Alemania ch 2006"]
[Site "Osterburg GER"]
[Date "2006.02.05"]
[Round "3.11"]
[White "Bastian, Herbert"]
[Black "Heinig, Wolfram"]
[Result "1/2-1/2"]
[WhiteElo "2413"]
[BlackElo "2338"]
[PlyCount "105"]
[EventDate "2006.02.04"]
[EventType "swiss"]
[EventRounds "9"]
[EventCountry "GER"]
[Source "lmi"]
[SourceDate "2006.02.11"]

1. e4 c6 2. d4 d5 3. exd5 cxd5 4. Bd3 Nc6 5. c3 Nf6 6. h3 e5 7. dxe5 Nxe5 8.
Nf3 Nxd3+ 9. Qxd3 Be7 10. O-O O-O 11. Be3 Re8 12. Nbd2 Bf8 13. Rfe1 Be6 14. Nd4
Nd7 15. Bf4 Nc5 16. Qg3 Qb6 17. b4 Ne4 18. Nxe4 dxe4 19. Rxe4 Bd5 20. Re5 Rxe5
21. Bxe5 Re8 22. a4 Qh6 23. Bf4 Qf6 24. Rd1 a6 25. Qg5 Qxg5 26. Bxg5 f6 27. Be3
Rc8 28. Bd2 Kf7 29. f3 g6 30. Kf2 Bd6 31. Rc1 Be5 32. Ne2 Bb3 33. a5 Bc4 34. f4
Bb8 35. Be3 Re8 36. Nd4 Ba7 37. Nc2 Bd3 38. Bxa7 Re2+ 39. Kf3 Rxc2 40. Rxc2
Bxc2 41. Ke3 Ke6 42. Kd4 h5 43. g3 g5 44. Bb8 Bf5 45. h4 gxh4 46. gxh4 Bh3 47.
c4 Bf1 48. Kc5 Kf5 49. Bc7 Kg4 50. Bd8 Kxh4 51. Bxf6+ Kg4 52. b5 axb5 53. cxb5
1/2-1/2

[Event "77. Alemania ch 2006"]
[Site "Osterburg GER"]
[Date "2006.02.05"]
[Round "3.13"]
[White "Espig, Lutz"]
[Black "Huschenbeth, Niclas"]
[Result "1/2-1/2"]
[WhiteElo "2402"]
[BlackElo "2287"]
[PlyCount "75"]
[EventDate "2006.02.04"]
[EventType "swiss"]
[EventRounds "9"]
[EventCountry "GER"]
[Source "lmi"]
[SourceDate "2006.02.11"]

1. g3 Nf6 2. Bg2 g6 3. d4 d5 4. Nf3 Bg7 5. O-O O-O 6. c4 c6 7. cxd5 cxd5 8. Ne5
Be6 9. Nc3 Nbd7 10. Nd3 Nb6 11. a4 Nc4 12. Nf4 Qd7 13. Nxe6 Qxe6 14. Qd3 Rac8
15. Rb1 h6 16. b3 Nd6 17. Ba3 Nf5 18. e3 Qd7 19. Bh3 Rfd8 20. Rfc1 e6 21. Bxf5
gxf5 22. Ne2 h5 23. h4 Bh6 24. f3 Kh8 25. Kf2 Rxc1 26. Rxc1 Rc8 27. Qb5 Rxc1
28. Qxd7 Nxd7 29. Nxc1 Kg8 30. Nd3 f6 31. Ke2 Kf7 32. Bd6 a6 33. Kd2 Ke8 34.
Ke2 Kd8 35. Bc5 Ke8 36. Bd6 Kd8 37. a5 Ke8 38. Kd2 1/2-1/2

[Event "77. Alemania ch 2006"]
[Site "Osterburg GER"]
[Date "2006.02.05"]
[Round "3.14"]
[White "Meins, Gerlef"]
[Black "Bischoff, Dieter"]
[Result "1-0"]
[WhiteElo "2446"]
[BlackElo "2147"]
[PlyCount "75"]
[EventDate "2006.02.04"]
[EventType "swiss"]
[EventRounds "9"]
[EventCountry "GER"]
[Source "lmi"]
[SourceDate "2006.02.11"]

1. d4 Nf6 2. c4 g6 3. Nc3 Bg7 4. e4 d6 5. Be2 O-O 6. Nf3 e5 7. O-O Nc6 8. d5
Ne7 9. b4 Kh8 10. c5 Neg8 11. cxd6 cxd6 12. Nd2 Ne8 13. Nc4 f5 14. exf5 gxf5
15. a4 f4 16. Ra3 Ngf6 17. Bf3 Bf5 18. Qe2 Rg8 19. Kh1 Bf8 20. g3 Ng4 21. Be4
Qg5 22. Bxf5 Qxf5 23. Ne4 Rg6 24. f3 Ngf6 25. gxf4 exf4 26. Bb2 Bg7 27. Ncxd6
Nxd6 28. Nxd6 Qxd5 29. Rd3 Qg8 30. Nf5 Nh5 31. Nxg7 Nxg7 32. Rd7 Re8 33. Qd3
Qe6 34. Rxg7 Rxg7 35. Rg1 Reg8 36. Rxg7 Rxg7 37. Qd8+ Qg8 38. Qe7 1-0